[Event "Let's Play Chess!"]
[Site "http://www.queenalice.com/game.php?id=1228254"]
[Date "2013.10.29"]
[Round "-"]
[White "takky"]
[Black "drbhat"]
[Result "1-0"]
[WhiteElo "1500"]
[BlackElo "1682"]

1. e4 g5 2. d4 h6 3. Bc4 Bg7 4. h4 e6 5. hxg5 hxg5 6. Rxh8 Bxh8 7. d5 b6 8. dxe6
dxe6 9. Qxd8+ Kxd8 10. Bxg5+ Ke8 11. c3 f6 12. Bh4 Nc6 13. Na3 Ne5 14. Bb5+ c6
15. Be2 Ne7 16. O-O-O b5 17. f4 N5g6 18. g3 f5 19. Bh5 fxe4 20. Bxe7 Kf7 21. Bg5
e5 22. Rd6 Be6 23. Bxg6+ 1-0

[Event "Let's Play Chess!"]
[Site "http://www.queenalice.com/game.php?id=1228255"]
[Date "2013.10.29"]
[Round "-"]
[White "takky"]
[Black "kakukei"]
[Result "0-1"]
[WhiteElo "1791"]
[BlackElo "2237"]

1. e4 e5 2. Nf3 Nc6 3. Bb5 a6 4. Ba4 Nf6 5. O-O Be7 6. Re1 b5 7. Bb3 O-O 8. c3
d6 9. h3 Na5 10. Bc2 c5 11. d4 Qc7 12. Nbd2 Be6 13. d5 Bd7 14. b3 c4 15. b4 Nb7
16. a4 g6 17. a5 Nh5 18. Nf1 Nd8 19. Bh6 Re8 20. Qd2 f6 21. Be3 Nf7 22. Rad1 Qc8
0-1

[Event "Let's Play Chess!"]
[Site "http://www.queenalice.com/game.php?id=1228257"]
[Date "2013.10.29"]
[Round "-"]
[White "leandroviana88"]
[Black "takky"]
[Result "0-1"]
[WhiteElo "1815"]
[BlackElo "1950"]

1. d4 Nf6 2. c4 g6 3. Nc3 Bg7 4. e4 d6 5. Nf3 O-O 6. Be2 e5 7. O-O Nc6 8. d5 Ne7
9. b4 Ne8 10. c5 f5 11. Ng5 Nf6 12. Qb3 fxe4 13. Ncxe4 Nf5 14. Bb2 Nxe4 15. Nxe4
Nd4 16. Bxd4 exd4 17. cxd6 cxd6 18. Bf3 a5 19. b5 Bf5 20. g4 Bxe4 21. Bxe4 Qg5
0-1

[Event "#2"]
[Site "http://www.queenalice.com/game.php?id=1230386"]
[Date "2013.11.8"]
[Round "-"]
[White "Railton"]
[Black "takky"]
[Result "0-1"]
[WhiteElo "1697"]
[BlackElo "1983"]

1. e4 c5 2. Bc4 e6 3. a3 d5 4. Ba2 dxe4 5. Nc3 Nf6 6. Qe2 Nc6 7. Nxe4 Nd4 8.
Nxf6+ Qxf6 9. Qd3 b6 10. Ne2 Bb7 11. Nxd4 cxd4 12. O-O Rc8 13. b4 Be7 14. Bb2 e5
15. f3 O-O 16. Bb3 Kh8 17. Rae1 Bd6 18. Qe2 Qh6 19. g3 Qg6 20. d3 h5 21. c4 dxc3
22. Ba1 h4 23. g4 f5 24. h3 b5 25. Bc2 fxg4 26. fxg4 Bc7 27. Rxf8+ Rxf8 28. Bxc3
Qc6 0-1

[Event "Challenge"]
[Site "http://www.queenalice.com/game.php?id=1230755"]
[Date "2013.11.7"]
[Round "-"]
[White "drbhat"]
[Black "takky"]
[Result "0-1"]
[WhiteElo "1730"]
[BlackElo "1920"]

1. e4 c5 2. Nf3 d6 3. d4 cxd4 4. Nxd4 Nf6 5. Nc3 a6 6. Be2 e5 7. Nf3 Be7 8. O-O
O-O 9. h3 Be6 10. Nd5 Nxe4 11. c4 Nd7 12. Nxe7+ Qxe7 13. Bd3 Ndc5 14. b3 b5 15.
b4 Nxd3 16. Qxd3 f5 17. Nd2 Nxd2 18. Qxd2 Bxc4 19. Re1 f4 20. f3 Rf6 21. Qf2 Rg6
22. Bxf4 Be6 23. Bg3 Qg5 24. Bh4 Qf5 25. g4 Rf8 26. Re3 h5 27. Kh1 hxg4 28. hxg4
Qf4 29. Qd2 Rh6 0-1

[Event "Let's Play Chess!"]
[Site "http://www.queenalice.com/game.php?id=1230913"]
[Date "2013.11.8"]
[Round "-"]
[White "takky"]
[Black "spawnwolfwolverine"]
[Result "0-1"]
[WhiteElo "2026"]
[BlackElo "1661"]

1. Nf3 d5 2. d4 e6 3. c4 Bb4+ 4. Bd2 Bxd2+ 5. Nbxd2 dxc4 6. e3 Nf6 7. Bxc4 Nc6
8. O-O Bd7 9. a3 a6 10. Rc1 O-O 11. Qc2 b5 12. Bd3 Nd5 13. Bxh7+ Kh8 14. Be4 g6
15. Nb3 f5 16. Bxd5 exd5 17. Qc5 Qf6 18. Qxd5 Qd6 19. Qc5 Qxc5 20. Rxc5 Kg7 21.
d5 Ne7 22. Rxc7 Rfd8 23. Nc5 Nxd5 24. Rxd7+ Rxd7 25. Nxd7 b4 26. Rd1 bxa3 0-1

[Event "Let's Play Chess!"]
[Site "http://www.queenalice.com/game.php?id=1230914"]
[Date "2013.11.8"]
[Round "-"]
[White "takky"]
[Black "spawnwolfwolverine"]
[Result "0-1"]
[WhiteElo "1962"]
[BlackElo "1691"]

1. c4 e5 2. Nc3 d6 3. g3 Nc6 4. Bg2 Bd7 5. d3 g6 6. Rb1 Bh6 7. Nf3 Bxc1 8. Qxc1
Nf6 9. O-O O-O 10. h3 a6 11. Qh6 Nd4 12. Nxd4 exd4 13. Ne4 Nxe4 14. Bxe4 c6 15.
h4 b5 16. Rbc1 Rb8 17. b3 Qf6 18. cxb5 cxb5 19. Rc7 Be6 20. Rc6 d5 21. Bxd5 Qg7
22. Qxg7+ Kxg7 23. Bxe6 fxe6 24. Rxe6 a5 25. Rc1 a4 26. Rd6 Rfd8 27. Rc7+ Kh6
0-1

[Event "Let's Play Chess!"]
[Site "http://www.queenalice.com/game.php?id=1230915"]
[Date "2013.11.8"]
[Round "-"]
[White "spawnwolfwolverine"]
[Black "takky"]
[Result "0-1"]
[WhiteElo "1652"]
[BlackElo "1791"]

1. e4 c5 2. d3 Nc6 3. g3 g6 4. Nc3 Bg7 5. Bh3 d6 6. Bxc8 Qxc8 7. Be3 Nf6 8. Nf3
O-O 9. O-O h6 10. a3 Qh3 11. Nd5 Ng4 12. c3 Nce5 13. Nxe7+ Kh7 14. Nxg6 Nxf3+
15. Qxf3 Qxh2# 0-1

[Event "Let's Play Chess!"]
[Site "http://www.queenalice.com/game.php?id=1230916"]
[Date "2013.11.8"]
[Round "-"]
[White "spawnwolfwolverine"]
[Black "takky"]
[Result "1-0"]
[WhiteElo "1814"]
[BlackElo "1928"]

1. d4 Nf6 2. e3 g6 3. g3 Bg7 4. Bg2 c5 5. dxc5 Qa5+ 6. Bd2 Qxc5 7. Nc3 d6 8.
Nge2 O-O 9. O-O Nc6 10. Nd4 Nxd4 11. exd4 Qxd4 12. Be3 Qb4 13. a3 Qxb2 14. Nd5
Nxd5 15. Bxd5 e6 16. Bb3 Qxa1 17. Qxa1 Bxa1 18. Rxa1 Bd7 19. c4 Bc6 20. a4 Bf3
21. a5 Kg7 22. a6 b6 23. Ra2 Rac8 24. h4 Rfd8 25. Kh2 d5 26. cxd5 Bxd5 27. Bxd5
exd5 28. g4 d4 29. Bd2 d3 30. Be3 Rc2 31. Rxc2 dxc2 32. f4 1-0

[Event "Let's Play Chess!"]
[Site "http://www.queenalice.com/game.php?id=1230917"]
[Date "2013.11.8"]
[Round "-"]
[White "takky"]
[Black "spawnwolfwolverine"]
[Result "1-0"]
[WhiteElo "1910"]
[BlackElo "1754"]

1. d4 d5 2. Nf3 e6 3. c4 Bb4+ 4. Nbd2 Bxd2+ 5. Bxd2 dxc4 6. e3 Nf6 7. Bxc4 Nc6
8. O-O O-O 9. Qc2 a6 10. Rac1 b5 11. Bxb5 axb5 12. Qxc6 Ba6 13. Bb4 Re8 14. Ne5
Nd5 15. Ba5 Qd6 16. Bxc7 Qxc6 17. Rxc6 Rec8 18. Rfc1 Bb7 19. R6c5 Nb4 20. Bd6
Rxc5 21. Rxc5 Bd5 22. a3 Na6 23. Rxb5 g6 24. f3 Kg7 25. e4 Ba2 26. Rb7 Kh6 27.
Nxf7+ Kh5 28. g4+ Kh4 29. Bg3+ Kh3 30. Ng5# 1-0

[Event "Let's Play Chess!"]
[Site "http://www.queenalice.com/game.php?id=1230918"]
[Date "2013.11.8"]
[Round "-"]
[White "spawnwolfwolverine"]
[Black "takky"]
[Result "0-1"]
[WhiteElo "1626"]
[BlackElo "2026"]

1. d4 Nf6 2. e3 e6 3. g3 d5 4. Bg2 c5 5. dxc5 Bxc5 6. Nc3 O-O 7. Bd2 Nc6 8. Nf3
e5 9. O-O e4 10. Nh4 g5 11. Ng6 fxg6 12. a3 Bg4 13. f3 exf3 14. Bxf3 Bh3 15. Bg2
g4 16. Bxh3 gxh3 17. b4 Bb6 18. Na4 Ne4 19. Rxf8+ Qxf8 20. Qe2 Ne5 21. c4 Nf3+
22. Kh1 Nfxd2 23. Nxb6 axb6 24. cxd5 Qf3+ 25. Qxf3 Nxf3 26. Rd1 Nf2# 0-1

[Event "Challenge"]
[Site "http://www.queenalice.com/game.php?id=1237952"]
[Date "2013.12.5"]
[Round "-"]
[White "takky"]
[Black "Vladimir"]
[Result "1-0"]
[WhiteElo "1932"]
[BlackElo "1890"]

1. c4 e5 2. Nc3 Bb4 3. Nd5 c5 4. g3 Nf6 5. Nxb4 O-O 6. Nc2 d5 7. b3 d4 8. b4
cxb4 9. Nxb4 Be6 10. d3 a5 11. Nc2 h6 12. Nf3 Nc6 13. Bg2 Qd7 14. O-O Bh3 15.
Rb1 Bxg2 16. Kxg2 Ne7 17. Nxe5 Qd6 18. f4 Qc7 19. Nxd4 Rab8 20. Ba3 Rfd8 21. Nb5
Qc8 22. Bxe7 1-0

[Event "Challenge"]
[Site "http://www.queenalice.com/game.php?id=1241143"]
[Date "2013.12.19"]
[Round "-"]
[White "AlekinePb"]
[Black "takky"]
[Result "0-1"]
[WhiteElo "1813"]
[BlackElo "1915"]

1. d4 Nf6 2. c4 e6 3. Nf3 b6 4. Bg5 Bb4+ 5. Nc3 Bb7 6. e3 O-O 7. Bd3 h6 8. Bh4
c5 9. Qc2 Bxf3 10. gxf3 cxd4 11. exd4 Nc6 12. d5 Nd4 13. Be2 Nxc2+ 0-1

[Event "Challenge"]
[Site "http://www.queenalice.com/game.php?id=1241144"]
[Date "2013.12.19"]
[Round "-"]
[White "takky"]
[Black "AlekinePb"]
[Result "1-0"]
[WhiteElo "1894"]
[BlackElo "1830"]

1. c4 c6 2. d4 d5 3. Nc3 e6 4. Nf3 Nf6 5. Bg5 dxc4 6. e4 Be7 7. Bxc4 Qb6 8. Qc2
O-O 9. e5 Nd5 10. Nxd5 cxd5 11. Bxe7 Re8 12. Bd3 Rxe7 13. Qxc8+ 1-0

[Event "Challenge"]
[Site "http://www.queenalice.com/game.php?id=1241581"]
[Date "2013.12.21"]
[Round "-"]
[White "jujuju"]
[Black "takky"]
[Result "1-0"]
[WhiteElo "2228"]
[BlackElo "2039"]

1. e4 c5 2. d4 cxd4 3. c3 dxc3 4. Nxc3 e6 5. Nf3 Nc6 6. Bc4 a6 7. Bf4 d6 8. O-O
Nf6 9. e5 dxe5 10. Nxe5 Qxd1 11. Raxd1 Nxe5 12. Bxe5 Be7 13. Na4 Nd7 14. Rxd7
Bxd7 15. Nb6 Rd8 16. Bc7 Bc6 17. Bxd8 Bxd8 18. Nc8 Kd7 19. Na7 Bd5 20. Rd1 Bb6
21. Bxd5 exd5 22. Rxd5+ Ke6 23. Rd2 Bxa7 24. b3 f5 25. Kf1 1-0

[Event "Challenge"]
[Site "http://www.queenalice.com/game.php?id=1242650"]
[Date "2013.12.25"]
[Round "-"]
[White "AlekinePb"]
[Black "takky"]
[Result "0-1"]
[WhiteElo "1868"]
[BlackElo "1952"]

1. d4 Nf6 2. c4 e6 3. Nf3 b6 4. Nc3 Bb7 5. Bg5 Bb4 6. e3 h6 7. Bxf6 Qxf6 8. Be2
Bxc3+ 9. bxc3 O-O 10. O-O c5 11. Qc2 Nc6 12. d5 Ne7 13. e4 Ng6 14. Rfe1 Nf4 15.
Bd3 d6 16. a4 e5 17. a5 Nh3+ 18. Kf1 Nf4 19. Reb1 Bc8 20. axb6 axb6 21. Rxa8
Nxg2 22. Kxg2 Bh3+ 23. Kg1 Qg6+ 0-1

[Event "Challenge"]
[Site "http://www.queenalice.com/game.php?id=1242651"]
[Date "2013.12.25"]
[Round "-"]
[White "takky"]
[Black "AlekinePb"]
[Result "1-0"]
[WhiteElo "2006"]
[BlackElo "1937"]

1. c4 c6 2. e4 d5 3. cxd5 cxd5 4. e5 Bf5 5. Bb5+ Nc6 6. Qa4 Qb6 7. Nf3 e6 8. Nc3
Bc5 9. d4 Be7 10. O-O a6 11. Bxc6+ Qxc6 12. Qb3 Bd3 13. Re1 Bc4 14. Qc2 Bb4 15.
Bd2 Ne7 16. b3 Bxc3 17. Bxc3 b5 18. Bb4 Nf5 19. bxc4 bxc4 20. Reb1 a5 21. Bc5
Ne7 22. Rb6 Qc7 23. Qa4+ Qd7 24. Qxd7+ Kxd7 25. Rb7+ Kc6 26. Rxe7 Rab8 27. Rxf7
Rhg8 28. Ng5 Rb2 29. Nxe6 Rgb8 30. Rc7+ Kb5 31. a4+ Ka6 32. Ra7# 1-0

[Event "Challenge"]
[Site "http://www.queenalice.com/game.php?id=1242657"]
[Date "2013.12.25"]
[Round "-"]
[White "AlekinePb"]
[Black "takky"]
[Result "0-1"]
[WhiteElo "1867"]
[BlackElo "1969"]

1. d4 Nf6 2. c4 c5 3. d5 b5 4. cxb5 a6 5. bxa6 Bxa6 6. Nc3 g6 7. e4 Bxf1 8. Kxf1
d6 9. f3 Bg7 10. Nge2 Nbd7 11. Be3 Ne5 12. Bf2 O-O 13. f4 Nc4 14. b3 Na3 15. Rc1
Qb6 16. h3 Nb5 17. Nxb5 Qxb5 18. Qc2 Ra3 19. g3 Rfa8 20. Ra1 Nxe4 21. Qxe4 Bxa1
22. Kg2 Rxa2 23. Re1 Bf6 24. f5 Rb2 25. g4 Raa2 26. Kf3 Qxb3+ 27. Be3 Bh4 0-1

[Event "Challenge"]
[Site "http://www.queenalice.com/game.php?id=1247367"]
[Date "2014.1.12"]
[Round "-"]
[White "takky"]
[Black "Aspayne"]
[Result "1-0"]
[WhiteElo "1984"]
[BlackElo "2047"]

1. c4 Nf6 2. g3 Nc6 3. Bg2 d6 4. d4 g6 5. Nc3 Bg7 6. Nf3 O-O 7. O-O Bd7 8. Bf4
Nh5 9. Be3 f5 10. Qd2 Nf6 11. Bh6 e5 12. dxe5 dxe5 13. Bxg7 Kxg7 14. Nd5 Ne4 15.
Qe3 a5 16. Rad1 Ra6 17. Ne1 Nf6 18. Nxf6 Rxf6 19. Nd3 1-0

[Event "Let's Play Chess!"]
[Site "http://www.queenalice.com/game.php?id=1255004"]
[Date "2014.2.13"]
[Round "-"]
[White "takky"]
[Black "Pablyx"]
[Result "0-1"]
[WhiteElo "2011"]
[BlackElo "2265"]

1. c4 e5 2. Nc3 Nc6 3. Nf3 Nf6 4. g3 d5 5. cxd5 Nxd5 6. Bg2 Nxc3 7. bxc3 Bc5 8.
O-O O-O 9. d3 Rb8 10. Rb1 Bg4 11. Qa4 Qd7 12. Re1 a6 13. Ng5 Qf5 14. Ne4 Ba7 15.
Ba3 b5 16. Qc2 Rfd8 17. Bc5 Bh3 18. Bh1 h6 19. a4 Qg6 20. Bxa7 Nxa7 0-1

[Event "Let's Play Chess!"]
[Site "http://www.queenalice.com/game.php?id=1255006"]
[Date "2014.2.9"]
[Round "-"]
[White "takky"]
[Black "novoselic"]
[Result "1-0"]
[WhiteElo "2021"]
[BlackElo "2053"]

1. Nf3 d5 2. g3 c6 3. Bg2 Nf6 4. d3 Bg4 5. O-O Nbd7 6. c4 e6 7. cxd5 exd5 8. Nc3
Bd6 9. h3 Bxf3 10. Bxf3 O-O 11. e4 dxe4 12. dxe4 Ne5 13. Be2 Qc7 14. f4 Bc5+ 15.
Kg2 Ng6 16. e5 Rfd8 17. Qc2 Nd5 18. Nxd5 Rxd5 19. Bc4 Rd7 20. e6 Re7 21. exf7+
Kf8 22. f5 Ne5 23. f6 gxf6 24. Bh6# 1-0

[Event "Let's Play Chess!"]
[Site "http://www.queenalice.com/game.php?id=1255007"]
[Date "2014.2.9"]
[Round "-"]
[White "novoselic"]
[Black "takky"]
[Result "1-0"]
[WhiteElo "1937"]
[BlackElo "2031"]

1. e4 c5 2. Nf3 d6 3. d4 cxd4 4. Qxd4 Nc6 5. Bb5 Bd7 6. Bxc6 Bxc6 7. O-O Nf6 8.
Nc3 e6 9. Bg5 Be7 10. Rad1 h6 11. Bxf6 Bxf6 12. e5 dxe5 13. Qe3 Qb6 14. Rd3 Qxe3
15. Rxe3 Bxf3 16. Rxf3 O-O 17. Ne4 Rac8 18. c3 Rfd8 19. Nxf6+ gxf6 20. Rxf6 Kg7
21. Rf3 Rd2 22. Rb1 Rcd8 23. Kf1 Rc2 24. Re3 1-0